000 00240nam a2200109Ia 4500
008 240625s9999 xx 000 0 und d
041 _aeng
100 _aTRAIN2SUCCESS
245 _aORACLE 8I DBA LABEL 3
260 _c2007
365 _cRS
_b20
999 _c33785
_d33785